Normal view
MARC view
- Troncone, Paul, Carl Albing, PhD
Entry Personal Name
001 - CONTROL NUMBER
- control field: 6667
003 - CONTROL NUMBER IDENTIFIER
- control field: JO-AjAnu
005 - DATE AND TIME OF LATEST TRANSACTION
- control field: 20230606071400.0
008 - FIXED-LENGTH DATA ELEMENTS
- fixed length control field: 230606|| aca||aabn | a|a d
040 ## - CATALOGING SOURCE
- Original cataloging agency: JO-AjAnu
- Transcribing agency: JO-AjAnu
100 ## - HEADING--PERSONAL NAME
- Personal name: Troncone, Paul, Carl Albing, PhD
670 ## - SOURCE DATA FOUND
- Source citation: Work cat.: (JO-AjAnu)3454: Troncone, Paul, Carl Albing, PhD, author, Cybersecurity Ops with bash: Attack, Defend, and Analyze from the Command Line